| 000 | 00761cab a22001935a 4500 | ||
|---|---|---|---|
| 001 | L151336 | ||
| 008 | 101025s2010 xxkd f s 000 0 eng d | ||
| 035 | _a(Sirsi) u151336 | ||
| 041 | 0 | _aeng | |
| 100 | 1 | _aDunlop Taylor, Mark | |
| 245 | 0 | 2 | _aA definition and valuation of the UK offsite construction sector |
| 260 | _c2010 | ||
| 490 |
_aConstruction Management and Economics _v(28) July-September 2010, 885-896 (11) |
||
| 520 | _aExamines the value of the offsite construction sector in the UK; prefabrication, pre-assembly, offsite manufacturing; considers why the construction industry needs to understand the structure of the offsite sector and its value. | ||
| 590 | _aKA | ||
| 651 | 4 |
_aUnited Kingdom _y |
|
| 690 |
_aProcurement _96260 |
||
| 942 | _n0 | ||
| 999 |
_c82774 _d82774 |
||